Sectoral Balance Sheet Mismatches and Macroeconomic Vulnerabilities in Colombia, 1996-2003 /

We employ an extended version of the Allen and others (2002) Balance Sheet Approach to examine macroeconomic vulnerabilities in Colombia between 1996 and 2003, based on an unusually rich data set. We find that vulnerabilities existing prior to Colombia's 1999 recession-high levels of private de...

Descripción completa

Detalles Bibliográficos
Autor principal: Lima, Juan Manuel
Otros Autores: Montes, Enrique, Varela, Carlos, Wiegand, Johannes
Formato: Revista
Lenguaje:English
Publicado: Washington, D.C. : International Monetary Fund, 2006.
Colección:IMF Working Papers; Working Paper ; No. 2006/005
Acceso en línea:Full text available on IMF
LEADER 01838cas a2200277 a 4500
001 AALejournalIMF008939
008 230101c9999 xx r poo 0 0eng d
020 |c 5.00 USD 
020 |z 9781451862652 
022 |a 1018-5941 
040 |a BD-DhAAL  |c BD-DhAAL 
100 1 |a Lima, Juan Manuel. 
245 1 0 |a Sectoral Balance Sheet Mismatches and Macroeconomic Vulnerabilities in Colombia, 1996-2003 /  |c Juan Manuel Lima, Johannes Wiegand, Enrique Montes, Carlos Varela. 
264 1 |a Washington, D.C. :  |b International Monetary Fund,  |c 2006. 
300 |a 1 online resource (34 pages) 
490 1 |a IMF Working Papers 
500 |a <strong>Off-Campus Access:</strong> No User ID or Password Required 
500 |a <strong>On-Campus Access:</strong> No User ID or Password Required 
506 |a Electronic access restricted to authorized BRAC University faculty, staff and students 
520 3 |a We employ an extended version of the Allen and others (2002) Balance Sheet Approach to examine macroeconomic vulnerabilities in Colombia between 1996 and 2003, based on an unusually rich data set. We find that vulnerabilities existing prior to Colombia's 1999 recession-high levels of private debt, a large negative foreign currency position of the corporate sector, and banks' exposure to stretched households and companies-receded subsequently. New vulnerabilities emerged, however, especially the high level of public debt accumulated until end-2003, and growing exposure of the financial sector to the sovereign. 
538 |a Mode of access: Internet 
700 1 |a Montes, Enrique. 
700 1 |a Varela, Carlos. 
700 1 |a Wiegand, Johannes. 
830 0 |a IMF Working Papers; Working Paper ;  |v No. 2006/005 
856 4 0 |z Full text available on IMF  |u http://elibrary.imf.org/view/journals/001/2006/005/001.2006.issue-005-en.xml  |z IMF e-Library